header

Terror and Irish modernism (Record no. 78711)

MARC details
000 -LEADER
fixed length control field 01566nam a2200373Ia 4500
100 1# - MAIN ENTRY--AUTHOR NAME
Personal name Hansen, Jim,
245 10 - TITLE STATEMENT
Title Terror and Irish modernism
260 ## - PUBLICATION, DISTRIBUTION, ETC. (IMPRINT)
Place of publication Albany :
Name of publisher SUNY Press,
Year of publication c2009.
300 ## - PHYSICAL DESCRIPTION
Number of Pages x, 209 p.
490 1# - SERIES STATEMENT
Series statement SUNY series, studies in the long nineteenth century
650 #0 - SUBJECT ADDED ENTRY--TOPICAL TERM
Topical Term Gothic fiction (Literary genre), English
Topical Term English fiction
Topical Term Terror in literature.
Topical Term Gothic revival (Literature)
Topical Term Modernism (Literature)
856 40 - ELECTRONIC LOCATION AND ACCESS
Uniform Resource Identifier http://site.ebrary.com/lib/rucke/Doc?id=10574016

No items available.

© 2026 Rongo University
Contact us: librarian | system librarian | Rongo university